Türkenkriege und religiöse Ikonographie in europäischen Graphiken des 16. bis 18. Jahrhunderts
| Titel: | Türkenkriege und religiöse Ikonographie in europäischen Graphiken des 16. bis 18. Jahrhunderts |
|---|---|
| Verfasser: | |
| Beteiligt: | ; |
| In: |
Das Bild des Feindes, (2013), Seite 337-354, 13 Abb. alle Artikel anzeigen |
| Veröffentlicht: | 2013 |
| Format: | Aufsatz |
| Sprache: | Deutsch |
X
alg: 39279393 001A $01999:11-11-16 001B $01999:22-05-21 $t21:48:44.000 001D $01999:11-11-16 001U $0utf8 001X $00 002@ $0Aox 003@ $0392793938 007A $0392793938 $aHEB 007T $0Herdc0102222m 010@ $ager 011@ $a2013 021A $aTürkenkriege und religiöse Ikonographie in europäischen Graphiken des 16. bis 18. Jahrhunderts 028A $aKnapiński $dRyszard 028C $aPrzylicki $BÜbers. $dKrzysztof 028C/01 $aThiele $BÜbers. $dKlaus 031A $h337-354, 13 Abb. $j2013 037A $aBetr. u.a. Polen 039B $aIn $8--Aau--. Das @Bild des Feindes. - Berlin : Mann, 2013. - 512 S.. - zahlr. Ill.. - ISBN 978-3-7861-2684-3 $x201300000000000663 $9320781607 045F $a709.437 $eDDC23BSB 045F/01 $a709 045F/03 $g437 045F/03 $g438 lok: 39279393 78 exp: 39279393 78 1 #EPN 201B/01 $019-04-17 $t11:34:45.000 201U/01 $0utf8 203@/01 $0788904116 208@/01 $a11-11-16 $be 209A/01 $a/ $f000 $x00 220C/01 $aTitelaufnehmer: pg 220C/01 $aHerkunft: HI Marburg 244Z/01 $2Trx $#Poola $#Lenkija $#Polija $#Polen Land $#Poland $#Lengyelország $#Poľsko $#Polsko $8--Trx--Polska$gkraj $x01 $9391345966 244Z/01 $2Trx $#Kesk- ja Ida- Euroopa kontseptsioonid $#Vidurio Europos koncepcijos $#East-Central Europe $#Keletközépeurópa-eszmék $#Europa Środkowo-Wschodnia koncepcje $#Európa stredovýchodná koncepcie $#Evropa střední, východní část koncepce $#Mitteleuropa $#Osteuropakonzeptionen $#Europa Środkowa koncepcje $#Stredná Európa koncepcie $#Střední Europa koncepce $8--Trx--Ostmitteleuropakonzeptionen $x02 $9391364286 244Z/01 $aGeschichte 1500-1750 $x03 244Z/01 $2Trx $#sõda, osmani 1389- 1718 $#Osmanijos karai 1389-1718 $#Osmanic wars 1389-1718 $#háborúk, oszmán 1389-1718 $#wojny osmańskie 1389-1718 $#vojny osmanské 1389-1718 $#války s Turky 1389-1718 $#Türkenkriege $#vojny turecké $8--Trx--Kriege, Osmanische$g1389-1718 $x04 $9391372599 244Z/01 $2Trx $#ikonograafia $#ikonografija $#Iconography $#ikonográfia $#ikonografia $#ikonografia $#ikonografie $#Bildkunde, historische $8--Trx--Ikonographie $x05 $9391355457 244Z/01 $2Trx $#kunst, sakraalne $#sakralinis menas $#Art, sacred $#müvészet, szakrális $#sztuka sakralna $#umenie sakrálne $#umění sakrální $8--Trx--Kunst, sakrale $x06 $9391354639 244Z/01 $2Trx $#graafika $#grafika $#Graphic arts $#grafika $#grafika $#grafika $#grafika $8--Trx--Graphik $x07 $9391356674 244Z/01 $2Trx $8--Trx--Einzelbeiträge $x08 $9391384570 245Z/01 $a11.10 $x01 247C/01 $82080>Marburg/Lahn, Herder-Institut, Forschungsbibliothek, Bibliographieportal $9336309341
| LEADER | 00000caa a22000002c 4500 | ||
|---|---|---|---|
| 001 | 392793938 | ||
| 003 | DE-603 | ||
| 005 | 20210522214844.0 | ||
| 007 | tu | ||
| 008 | 161111s2013 xx |||| | u00||u|ger c | ||
| 035 | |a (DE-599)HEB392793938 | ||
| 040 | |a DE-603 |b ger |c DE-603 |d DE-603 | ||
| 041 | |a ger | ||
| 082 | 0 | 4 | |8 1\u |a 709.437 |q DE-101 |2 23/BSB |
| 085 | |8 1\u |b 709 | ||
| 085 | |8 1\u |z 2 |s 437 | ||
| 085 | |8 1\u |z 2 |s 438 | ||
| 100 | 1 | |a Knapiński, Ryszard | |
| 245 | 0 | 0 | |a Türkenkriege und religiöse Ikonographie in europäischen Graphiken des 16. bis 18. Jahrhunderts |
| 264 | 0 | |c 2013 | |
| 500 | |a Betr. u.a. Polen | ||
| 700 | 1 | |a Przylicki, Krzysztof |e Übers. |4 trl | |
| 700 | 1 | |a Thiele, Klaus |e Übers. |4 trl | |
| 773 | 0 | 8 | |i In |t Das Bild des Feindes |d Berlin : Mann, 2013 |h 512 S., zahlr. Ill. |z 9783786126843 |z 3786126844 |g (2013), Seite 337-354, 13 Abb. |w (DE-603)320781607 |
| 924 | 0 | |9 2080 |a (DE-603)788904116 |b DE-2080 |c HES |d d |g / | |


